000 00601nam a22002177a 4500
003 UA-OsUOA
001 120677
007 ta
008 20170209b un ||||| |||| 00| 0 ukr d
100 _aКіндзерський Ю.В.
090 _a330(477)
_bК46
942 _cSA
040 _aUA-OsUOA
_bukr
_cUA-OsUOA
_dUA-OsUOA
245 _aІнституційна пастка олігархізму і проблеми її подолання
300 _aС.22-47
955 _a0
041 _aukr
080 _a330(477)
773 0 _w120674
650 7 _a330 Економіка взагалі
_2UDC
999 _c406521
_d406521